000 00719nam a2200217Ii 4500
003 JO-AjNU
008 230605s9999||||xx |||||||||||||| ||und||
017 _a2020/8/3182
020 _a978-9957-19-076-7
040 _aJO-AjNU
_bara
_erda
_cJO-AjNU
041 _aara
050 1 4 _aDS63.6 2021
100 3 _aتأليف ابو رمان، محمد وآخرون؛ تقديم حسن البراري,
_eauthor
_961334
245 0 0 _aالهوية العربية بين التفتيت والترميم
250 _aط1
264 3 1 _aعمان: الان ناشرون وموزعون، 2021
300 _a154ص
336 _atext
_btxt
_2rdacontent
337 _aunmediated
_bn
_2rdamedia
338 _avolume
_bnc
_2rdacarrier
999 _aA27718
_c31286
_d31286